00420nam a22001457a 450000500170000000800410001702000070005804100130006508200150007810000250009324500590011826000440017730000280022165000250024920231123124421.0231123b |||||||| |||| 00| 0 eng d a  aEnglish  a341.48 SAN aSandhu, H lEnglish  aGerman Indian Law : bA Comparative Study / cH Sandhu aIndia : bBaikunth Publications, c2010 b170 pages ; c22,5 cm.  aLegal practice bLaw